富嶽三十六景 - Statistics

General Stats
  • This quiz has been taken 64 times
  • The average score is 7 of 46
Answer Stats
Picture Answer % Correct
神奈川沖浪裏
89%
凱風快晴
50%
山下白雨
33%
常州牛堀
28%
甲州石班澤
28%
礫川雪ノ旦
28%
江戸日本橋
28%
甲州犬目峠
22%
青山圓座枩
22%
信州諏訪湖
22%
甲州三嶌越
22%
諸人登山
22%
武州千住
17%
武陽佃嶌
17%
下目黒
17%
上総ノ海路
17%
東海道吉田
17%
江戸駿河町三井見世略圖
17%
甲州三坂水面
17%
隠田の水車
17%
深川万年橋下
11%
尾州不二見原
11%
東都駿臺
11%
武州玉川
11%
相州七里濱
11%
遠江山中
11%
駿州江尻
11%
東都浅艸本願寺
11%
相州江の嶌
11%
隅田川関屋の里
11%
五百らかん寺さゞゐどう
11%
駿州片倉茶園ノ不二
11%
甲州伊沢暁
11%
相州梅澤左
6%
登戸浦
6%
御厩川岸より両國橋夕陽見
6%
東海道江尻田子の浦略図
6%
相州箱根湖水
6%
東海道程ヶ谷
6%
身延川裏不二
6%
従千住花街眺望ノ不二
6%
東海道品川御殿山ノ不二
6%
本所立川
6%
東海道金谷ノ不二
6%
駿州大野新田
6%
相州仲原
0%
No matching quizzes found
Score Distribution
Percent of People with Each Score
Percentile by Number Answered
Your Score History
You have not taken this quiz